000 00256nam a22001217a 4500
003 SGT
082 _a615
_bBHA
100 _aBHARATH, S.
245 _aPHARMACEUTICAL TECHNOLOGY
260 _aINDIA
_bPEARSON PUB.
_c2013
300 _a330
942 _2ddc
_cBK
999 _c32504
_d32504